| 000 | 01270cam a2200277 i 4500 | ||
|---|---|---|---|
| 003 | SA-RiAUC | ||
| 005 | 20250502153317.0 | ||
| 008 | 250502s1980 le g 000r0cara c | ||
| 040 |
_aSA-JeALM _bara _cSA-RiAUC _erda |
||
| 050 | 4 | _b.I26 1980 | |
| 082 | 0 | 4 | _a920 |
| 090 |
_a920 _b ا ب ن ظ |
||
| 100 | 1 |
_aابن ظفر، محمد بن عبد الله بن محمد، _d497-565 هجري _eمؤلف. |
|
| 245 | 1 | 0 |
_aكتاب أنباء نجباء الأبناء / _cأبو عبد الله محمد بن أبو محمد بن محمد ظفر المكي الصقلي ؛ تحقيق لجنة إحياء التراث العربي في دار الآفاق الجديدة. |
| 246 | 3 | 0 | _aأنباء نجباء الأبناء |
| 250 | _aالطبعة الأولى. | ||
| 264 | 1 |
_aبيروت : _bدار الآفاق الجديدة، _c1980 |
|
| 300 |
_a200 صفحة ؛ _c24 سم |
||
| 336 |
_aنص _btxt _2rdacontent _3كتاب |
||
| 337 |
_aبدون وسيط _bn _2rdamedia |
||
| 338 |
_aمجلد _bnc _2rdacarrier |
||
| 651 | 7 |
_aالبلاد الإسلامية _vتراجم _2aucsh |
|
| 710 | 2 |
_aدار الآفاق الجديدة. _bلجنة إحياء التراث العربي _eمحقق. |
|
| 942 |
_2ddc _cBOOK _n0 |
||
| 949 |
_aSA-JeALM _d250502 _umohamedma123 _n1 |
||
| 999 |
_c7526 _d7526 |
||